| 000 | 00284nam a2200133 i 4500 | ||
|---|---|---|---|
| 001 | bg | ||
| 100 | 1 | _aMIERDEL, G. | |
| 245 | 0 |
_aElektrophysik / _cG. Mierdel. |
|
| 260 |
_aBerlin, _c1970. |
||
| 040 | _cBPK | ||
| 041 | _apol | ||
| 942 | _cKS | ||
| 008 | s pl f |000 0 pol | ||
| 999 |
_c8761 _d8761 |
||
| 856 |
_uhttp://koha.tu.koszalin.pl/cgi-bin/koha/opac-detail.pl?biblionumber=8761 _yKatalog online BPK |
||